Esquema de ordenamiento para el municipio de Mulukuku 2015-2020
El estudio presenta un esquema de ordenamiento para el municipio de Mululukuku 2015-2020, en el cual se pretende encontrar soluciones para lograr una distribución adecuada de equipamientos e infraestructura, enfatizado en la jerarquía de los Centros poblados del municipio de Mululukuku, cumpliend...
| Main Authors: | , |
|---|---|
| Other Authors: | |
| Format: | Tesis Section = Libro |
| Language: | Undetermined Spanish |
| Published: |
Managua
UNI
2014
|
| Subjects: |
| LEADER | 01453nam a2200289Ia 4500 | ||
|---|---|---|---|
| 008 | 240830s9999 xx 000 0 und d | ||
| 040 | |a BIBLIOTECA-RUSB/ Mon 711.4 F634 | ||
| 041 | |a spa | ||
| 082 | |a Mon 711.4 F634 | ||
| 100 | 1 | |a Flores Osejo, Marcos Francisco | |
| 100 | 1 | |b Fernández Delgadillo, Tobías | |
| 245 | 1 | 0 | |a Esquema de ordenamiento para el municipio de Mulukuku 2015-2020 |
| 260 | |a Managua |b UNI |c 2014 | ||
| 300 | |a 180 p. :il. | ||
| 502 | |a Tesis (Arquitecto) - UNI, 2014. | ||
| 520 | 3 | |a El estudio presenta un esquema de ordenamiento para el municipio de Mululukuku 2015-2020, en el cual se pretende encontrar soluciones para lograr una distribución adecuada de equipamientos e infraestructura, enfatizado en la jerarquía de los Centros poblados del municipio de Mululukuku, cumpliendo con las necesidades básicas tanto de la población a nivel urbano como rural, propiciando el flujo e interacción eficaz de los diferentes insumo de la zona, contribuyendo así en la base para un futuro desarrollo económico del municipio. | |
| 650 | 7 | |a PLANES Y PLANIFICACION MUNICIPAL | |
| 650 | 7 | |b ORDENAMIENTO TERRITORIAL-MUNICIPIO DE MULULUKUKU | |
| 650 | 7 | |c LEY DE MUNICIPIOS | |
| 650 | 7 | |d ASENTAMIENTOS HUMANOS | |
| 650 | 7 | |e INFRAESTRUCTURA FISICA | |
| 650 | 7 | |f RECURSOS NATURALES | |
| 650 | 7 | |g MEDIO AMBIENTE | |
| 700 | 1 | |a Tutor: |b González Jirón, Jorge Samuel | |
| 942 | |c BK |2 ddc | ||
| 991 | |a TESIS | ||
| 999 | |c 20898 | ||